000 00590nam a22001577a 4500
008 130615t xxu||||| |||| 00| 0 eng d
082 _b26513
090 _c33559
_d33558
100 _aKibamusiimire, N. Allen
_959175
245 _aProper Management of working capital :
_bcase study Equator Valley Farm (EVF) /
_cKibamusiimire N. Allen
260 _aUganda Martyrs University, Nkozi
_bUganda Martyrs University
_c2001
300 _a[v], 37 p. ;
_c30 cm.
500 _aBachelor of Business Administration and Management
650 _aManagement of working capital
_959176
942 _2ddc
_cDISS
999 _c33559
_d33558